Pensar Iberoamérica/ (Record no. 95279)

MARC details
000 -LEADER
campo de control de longitud fija 01557nam a2200409 i 4500
001 - NÚMERO DE CONTROL
campo de control MOR01000095605
003 - IDENTIFICADOR DE NÚMERO DE CONTROL
campo de control $$amxdfmo
005 - FECHA Y HORA DE LA ÚLTIMA TRANSACCIÓN
campo de control 20260331145853.0
008 - DATOS DE LONGITUD FIJA--INFORMACIÓN GENERAL
campo de control de longitud fija 121109s2009 ag g bi 000 0 spa d
020 ## - NÚMERO INTERNACIONAL ESTÁNDAR DEL LIBRO
Número Internacional Estándar del Libro 9789875743328
035 ## - NÚMERO DE CONTROL DEL SISTEMA
Número de control de sistema 121781
041 0# - CÓDIGO DE IDIOMA
Código de lengua del texto/banda sonora o título independiente spa
043 ## - CÓDIGO DE ÁREA GEOGRÁFICA
Código de área geográfica cl-----
045 ## - PERIODO DE TIEMPO DEL CONTENIDO
Código de periodo de tiempo x1y1
082 04 - NÚMERO DE LA CLASIFICACIÓN DECIMAL DEWEY
Número de clasificación 320.97005
Número de ítem PEN.i
245 00 - MENCIÓN DEL TÍTULO
Título Pensar Iberoamérica/
Mención de responsabilidad, etc. Antonio Hermosa Andújar, Samuel Schmidt, editores
264 #1 - PRODUCCIÓN, PUBLICACIÓN, DISTRIBUCIÓN, FABRICACIÓN Y COPYRIGHT
Producción, publicación, distribución, fabricación y copyright Buenos Aires:
Nombre del de productor, editor, distribuidor, fabricante Prometeo Libros,
Fecha de producción, publicación, distribución, fabricación o copyright ©2009
300 ## - DESCRIPCIÓN FÍSICA
Extensión 360 páginas:
Otras características físicas ilustraciones;
Dimensiones 21 cm
336 ## - TIPO DE CONTENIDO
Término de tipo de contenido texto
Código de tipo de contenido txt
Fuente rdacontent
337 ## - TIPO DE MEDIO
Nombre/término del tipo de medio sin medio
Código del tipo de medio n
Fuente rdamedia
338 ## - TIPO DE SOPORTE
Nombre/término del tipo de soporte volumen
Código del tipo de soporte nc
Fuente rdacarrier
490 0# - MENCIÓN DE SERIE
Mención de serie Cuadernos de Araucaria
Designación de volumen o secuencia 1
504 ## - NOTA DE BIBLIOGRAFÍA, ETC.
Nota de bibliografía, etc. Nota Incluye referencias bibliográficas
650 #7 - PUNTO DE ACCESO ADICIONAL DE MATERIA--TÉRMINO DE MATERIA
Término de materia o nombre geográfico como elemento de entrada Ciencia política
Subdivisión geográfica Hispanoamérica
Subdivisión general Alocuciones, ensayos, conferencias
9 (RLIN) 27389
651 #7 - PUNTO DE ACCESO ADICIONAL DE MATERIA--NOMBRE GEOGRÁFICO
Nombre geográfico Hispanoamérica
Subdivisión general Política y gobierno
Subdivisión cronológica Siglo XX
Subdivisión general Alocuciones, ensayos, conferencias
9 (RLIN) 43727
651 #7 - PUNTO DE ACCESO ADICIONAL DE MATERIA--NOMBRE GEOGRÁFICO
Nombre geográfico Hispanoamérica
Subdivisión general Política y gobierno
Subdivisión cronológica Siglo XXI
Subdivisión general Alocuciones, ensayos, conferencias
9 (RLIN) 152435
700 1# - ENTRADA AGREGADA--NOMBRE PERSONAL
Nombre de persona Hermosa Andújar, Antonio
Término indicativo de función/relación editor
9 (RLIN) 149293
700 1# - ENTRADA AGREGADA--NOMBRE PERSONAL
Nombre de persona Schmidt, Samuel
Término indicativo de función/relación editor
9 (RLIN) 62338
856 ## - LOCALIZACIÓN Y ACCESO ELECTRÓNICOS
Nota pública Acceso electrónico a Tabla de Contenido
Identificador Uniforme de Recurso <a href="http://www.loc.gov/catdir/toc/gc01/9789875743328.pdf">http://www.loc.gov/catdir/toc/gc01/9789875743328.pdf</a>
900 ## - ELEMENTOS DE DATOS A LOCAL, LDA (RLIN)
Nombre de persona CATY
Numeración 30
Títulos y otros términos asociados al nombre 20130110
Lenguaje de la obra MOR01
-- 1212
900 ## - ELEMENTOS DE DATOS A LOCAL, LDA (RLIN)
Nombre de persona KLASY
Numeración 30
Títulos y otros términos asociados al nombre 20130117
Lenguaje de la obra MOR01
-- 1420
900 ## - ELEMENTOS DE DATOS A LOCAL, LDA (RLIN)
Nombre de persona MARY
Numeración 05
Títulos y otros términos asociados al nombre 20121109
Lenguaje de la obra MOR01
-- 1502
900 ## - ELEMENTOS DE DATOS A LOCAL, LDA (RLIN)
Nombre de persona MARY
Numeración 05
Títulos y otros términos asociados al nombre 20121109
Lenguaje de la obra MOR01
-- 1502
900 ## - ELEMENTOS DE DATOS A LOCAL, LDA (RLIN)
Nombre de persona VOBO
Numeración 40
Títulos y otros términos asociados al nombre 20130122
Lenguaje de la obra MOR01
-- 1228
904 ## - ELEMENTOS DE DATOS D LOCAL, LDD (RLIN)
a UPDATE
942 ## - ELEMENTOS DE ENTRADA SECUNDARIOS (KOHA)
Código de la institución [OBSOLETO] BK
901 ## - ELEMENTOS DE DATOS A LOCAL LDA (RLIN)
a batch batch
Holdings
Estatus retirado Estado de pérdida Fuente del sistema de clasificación o colocación Estado de daño No para préstamo Colección Biblioteca de origen Biblioteca actual Ubicación en estantería Fecha de adquisición Fuente de adquisición Número de inventario Total de préstamos Signatura topográfica completa Código de barras Visto por última vez Precio de reemplazo Tipo de ítem Koha
    Clasificación Decimal Dewey     Libros (General) Biblioteca Instituto Mora Biblioteca Instituto Mora Regular 10/01/2013   122256   (G)/320.97005 PEN.i 33068001284668 03/09/2024 03/09/2024 Libro préstamo regular